000 01108nam a22002411a 4500
999 _c17905
_d17905
001 17905
003 OSt
005 20260204212340.0
008 170106s2015||||dr ||||||b||||||||||spa||
090 _aADM 2015 B65
100 1 _aBonilla Genao, Estefany
_esustentante
245 1 0 _aEvaluación del plan estratégico 2011-2015 del Instituto Tecnológico del Cibao Oriental (ITECO) / Estefany Bonilla Genao, Rumardo Ant. Mosquea Cruz y Wilson Antonio Hilario Adames ; asesor Jorge Custodio Heredia
260 _aCotuí, República Dominicana :
_bUTECO,
_c2015
300 _a84 hojas :
_bIlustraciones ;
_c28cm.
502 _aTrabajo de grado (Licenciatura en Administración de Empresas) --Universidad Tecnológica del Cibao Oriental, 2015
504 _aIncluye referencia bibliográfica e índice
650 4 _aPlan estratégico
700 1 _aMosquea Cruz, Rumardo Antonio
_esustentante
700 1 _aHilario Adames, Wilson Antonio
_esustentante
700 1 _aCustodio Heredia
_eJorge
830 _aTesis y disertaciones académicas (Universidad Tecnológica del Cibao Oriental)
942 _2LC
_cTH